000
00348nam a2200169Ia 4500
005
20251020182548.0
008
200515s9999 xx 000 0 und d
082
_a
860-1(85)C46
100
_a
MORO, César
245
0
_a
Obra poética
260
_a
Lima
260
_c
1980
300
_a
275
650
_a
LIB
650
_a
POESIA
942
_c
LIB
999
_c
2632
_d
2632